[Event "St Petersburg Korchnoi Memorial op"]
[Site "St Petersburg"]
[Date "2019.08.18"]
[Round "5"]
[White "Krukovsky, Alexander"]
[Black "Galkin, Leonid1111"]
[Result "1/2-1/2"]
[WhiteElo "1981"]
[BlackElo "1751"]
[PlyCount "127"]
[EventDate "2019.08.14"]
[EventType "swiss"]
[EventRounds "9"]
[EventCountry "RUS"]
[SourceTitle "CBM 192"]
[Source "ChessBase"]
[SourceDate "2019.10.31"]
[SourceVersion "1"]
[SourceVersionDate "2019.10.31"]
[SourceQuality "1"]

1. d4 d5 2. c4 e5 3. dxe5 d4 4. e3 Bb4+ 5. Bd2 dxe3 6. fxe3 Bxd2+ 7. Nxd2 Nc6 8. Ngf3 Nge7 9. Qb3 0-0 10. 0-0-0 Ng6 11. Bd3 Ngxe5 12. Be4 Qe7 13. Rhe1 Be6 14. Nxe5 Nxe5 15. Qc2 Rad8 16. Bxh7+ Kh8 17. Be4 f5 18. Qc3 Ng4 19. Bxb7 Nf2 20. Bf3 Nxd1 21. Rxd1 Rd6 22. Nb3 Rxd1+ 23. Bxd1 Re8 24. Qd4 Rd8 25. Qc3 Qd6 26. Qd4 Qxd4 27. Nxd4 Bxc4 28. Nxf5 Bd3 29. Nd4 c5 30. Ne6 Rc8 31. Kd2 Be4 32. g3 Rc6 33. Ng5 Bd5 34. a3 Rb6 35. e4 Bb3 36. Be2 Kg8 37. Kc3 Kf8 38. Nf3 Ke7 39. Nd2 Be6 40. b4 cxb4+ 41. axb4 Kf6 42. Nf3 Bg4 43. e5+ Ke7 44. Kc4 Bxf3 45. Bxf3 Ke6 46. b5 Kxe5 47. Bc6 Kf5 48. Kd5 Kg4 49. Bd7+ Kf3 50. g4 Rh6 51. Ke5 Rxh2 52. g5 Rd2 53. Be6 Re2+ 54. Kd6 Rxe6+ 55. Kxe6 Kf4 56. Kd6 Kxg5 57. Kc7 Kf5 58. Kb7 g5 59. Kxa7 g4 60. b6 g3 61. b7 g2 62. b8Q g1Q+ 63. Qb6 Qxb6+ 64. Kxb6 1/2-1/2

[Event "St Petersburg Summer op"]
[Site "St Petersburg"]
[Date "2016.08.20"]
[Round "4"]
[White "Krukovsky, Alexander"]
[Black "Delevic, Nina"]
[Result "1-0"]
[WhiteElo "2024"]
[BlackElo "1776"]
[PlyCount "41"]
[EventDate "2016.08.17"]
[EventType "swiss"]
[EventRounds "9"]
[EventCountry "RUS"]
[SourceTitle "CBM 174 Extra"]
[Source "ChessBase"]
[SourceDate "2016.10.10"]
[SourceVersion "1"]
[SourceVersionDate "2016.10.10"]
[SourceQuality "1"]

1. d4 d5 2. c4 c6 3. Nf3 Nf6 4. Nc3 e6 5. Bg5 h6 6. Bxf6 Qxf6 7. Qb3 dxc4 8. Qxc4 b5 9. Qb3 Bb7 10. e4 a5 11. Bd3 Nd7 12. e5 Qd8 13. 0-0 b4 14. Ne4 Be7 15. Rac1 0-0 16. Rfe1 Nb6 17. Bb1 Rc8 18. Qc2 f5 19. exf6 Bxf6 20. Nc5 Qe7 21. Qh7+ 1-0

[Event "St Petersburg Spring op"]
[Site "St Petersburg"]
[Date "2011.03.29"]
[Round "7"]
[White "Krukovsky, Alexander"]
[Black "Kopasov, Evgeny Aleksandrovi"]
[Result "0-1"]
[WhiteElo "2101"]
[BlackElo "2013"]
[PlyCount "90"]
[EventDate "2011.03.23"]
[EventType "swiss"]
[EventRounds "9"]
[EventCountry "RUS"]
[SourceTitle "CBM 141 Extra"]
[Source "ChessBase"]
[SourceDate "2011.05.03"]
[SourceVersion "1"]
[SourceVersionDate "2011.05.03"]
[SourceQuality "1"]

1. d4 d5 2. c4 e6 3. Nc3 c6 4. cxd5 exd5 5. Bf4 Nf6 6. e3 Bf5 7. Nge2 Bd6 8. Bxd6 Qxd6 9. Ng3 Bg6 10. h4 h6 11. Bd3 Bxd3 12. Qxd3 0-0 13. Nf5 Qe6 14. g4 Ne4 15. f3 Nd6 16. 0-0-0 Nd7 17. Ne2 Nxf5 18. gxf5 Qe7 19. Nf4 Rfe8 20. Rde1 Nf6 21. Re2 c5 22. e4 dxe4 23. fxe4 cxd4 24. Rhe1 Qc7+ 25. Kb1 Qxf4 26. e5 Nd5 27. f6 Ne3 28. Rg1 Rxe5 29. Rxg7+ Kf8 30. Re1 Qf5 31. Qxf5 Rxf5 32. Reg1 Rf1+ 33. Rxf1 Nxf1 34. Kc2 Rd8 35. Kd3 Rd6 36. Rg1 Rxf6 37. Kxd4 Nd2 38. Rc1 Nf3+ 39. Ke4 Nxh4 40. Rc7 Rb6 41. b3 Kg7 42. Rc4 Ng6 43. b4 Re6+ 44. Kd5 h5 45. b5 Re5+ 0-1

[Event "St Petersburg Spring op"]
[Site "St Petersburg"]
[Date "2011.03.28"]
[Round "6"]
[White "Vunder, Andrei"]
[Black "Krukovsky, Alexander"]
[Result "1/2-1/2"]
[WhiteElo "2306"]
[BlackElo "2101"]
[PlyCount "98"]
[EventDate "2011.03.23"]
[EventType "swiss"]
[EventRounds "9"]
[EventCountry "RUS"]
[SourceTitle "CBM 141 Extra"]
[Source "ChessBase"]
[SourceDate "2011.05.03"]
[SourceVersion "1"]
[SourceVersionDate "2011.05.03"]
[SourceQuality "1"]

1. d4 Nf6 2. Nf3 e6 3. Bg5 Be7 4. Nbd2 d5 5. e3 0-0 6. Bd3 b6 7. Ne5 Bb7 8. Bxf6 Bxf6 9. f4 Bxe5 10. fxe5 Qh4+ 11. g3 Qh6 12. Qe2 f6 13. 0-0 Nd7 14. exf6 Rxf6 15. Rxf6 Nxf6 16. Rf1 c5 17. c3 c4 18. Bc2 Re8 19. e4 b5 20. e5 Nd7 21. Rf4 g6 22. Rh4 Qg5 23. Rg4 Qh6 24. h4 Re7 25. Rg5 Nf8 26. Nf1 Qg7 27. Ne3 h6 28. Rg4 Bc6 29. Ng2 h5 30. Rg5 Qh6 31. g4 hxg4 32. Qxg4 Rg7 33. Nf4 Be8 34. Qg3 a5 35. Bd1 b4 36. Bg4 bxc3 37. bxc3 Bf7 38. Bh3 a4 39. a3 Kh8 40. Qf2 Nh7 41. Rg2 g5 42. hxg5 Nxg5 43. Bg4 Ne4 44. Qf3 Rh7 45. Bh5 Bxh5 46. Nxh5 Qc1+ 47. Kh2 Qh6 48. Kg1 Qc1+ 49. Kh2 Qh6 1/2-1/2